00822nam a22002297a 450000500170000001000130001702000220003003500130005203700160006504000120008108200150009310000200010824500480012826000510017627000620022730000210028965000420031065000290035294200240038199900190040595201680042420170124105945.0 aA-680529 c80.00a8170541794 aA-680529 bCen Lib/Ret aDPLbEN a302.5bBAL aBalan, K912181 aSocial obligation of writers /cby K. Balan aNew DelhibClassical Publishing Companyc1993 a28, Shopping Centre, Karampura bNew Delhie110015 av,54p.c22cm(Hb) aWriter's obligation to society912182 aSocial obligation912183 2ddccENh302.5mBAL c124862d124862 04104070aLbLd2015-06-18eCen Lib/Ret g80.00l0o302.5 BALpA-680529r2015-06-18 00:00:00t1v80.00w2015-06-18yENzW/d List No. 6856/17; dtd 30/07/2020